Kachní rybník : V.I.P. : zprávy od naší i světové elity /

Hlavní autor: Melíšek, Jiří, 1932-2015
Jazyk: Čeština
Vydáno: Praha : Hart, 2002
Témata:
Fyzický popis: 57, 49 s. : il. ; 22 cm
Knihy
Uloženo v:
LEADER 01104nam a2200313 a 4500
001 000599878
003 CZ BrMZK
005 20091201132616.0
007 ta
008 020513s2002 xr g dcze d
020 |a 80-86529-28-2 
040 |a BOA001  |b cze 
072 7 |a 821.162.3-3  |x Česká próza  |2 Konspekt  |9 25 
080 |a 929  |2 MRF 
080 |a 82-7  |2 MRF 
080 |a 821.162.3-32  |2 MRF 
080 |a (081)  |2 MRF 
100 1 |a Melíšek, Jiří,  |d 1932-2015  |7 jk01081150  |4 aut 
245 1 0 |a Kachní rybník :  |b V.I.P. : zprávy od naší i světové elity /  |c Jiří Melíšek ; 90-60-90 blondýna : poznámky z pražské společnosti a lepších ložnic ... 
260 |a Praha :  |b Hart,  |c 2002 
300 |a 57, 49 s. :  |b il. ;  |c 22 cm 
500 |a Text zvratmo 
650 0 7 |a osobnosti  |7 ph115615  |x humor  |2 czenas 
655 7 |a humoristické příběhy  |7 fd132430  |2 czenas 
655 7 |a sborníky  |7 fd163935  |2 czenas 
740 0 2 |a 90-60-90 blondýna 
910 |a BOA001  |b 2-1101.585 
990 |a BK 
996 6 |b 2610161298  |c 2-1101.585  |l MZK  |r Sklad / do 1 hodiny  |n 2  |p p.v.  |w 000599878  |u 000010  |a 1  |e BOA001  |j MZK50  |s P